Statistiken für Deutsche Politiker der 1960er Jahre

Klicken Sie hier um das Quiz zu spielen!

Allgemein

  • Dieses Quiz wurde 88 mal gespielt
  • Das Durchschnittsergebnis liegt bei 8 aus 16

Antwortstatistiken

Antwort% Korrekt
Willy Brandt
97%
Ludwig Erhard
95%
Franz josef Strauß
86%
Walter Ulbricht
84%
Kurt Georg Kiesinger
76%
Herbert Wehner
74%
Gustav Heinemann
61%
Heinrich Lübke
58%
Rainer Barzel
53%
Margot Honecker
45%
Willi Stoph
34%
Erich Mende
19%
Klaus Gysi
11%
Elisabeth Schwarzhaupt
9%
Alfons Goppel
8%
Eugen Gerstenmeier
5%

Verteilung der Resultate

Perzentil nach korrekt beantworteten Fragen

Anzahl Personen mit jedem Resultat

Ihre Resultats-Entwicklung

Sie haben dieses Quiz noch nicht gespielt